Advanced Materials for Electrochemical Energy Conversion and Storage Devices (Record no. 16028)
[ view plain ]
| 000 -LEADER | |
|---|---|
| fixed length control field | 00912nam a2200133Ia 4500 |
| 008 - FIXED-LENGTH DATA ELEMENTS--GENERAL INFORMATION | |
| fixed length control field | 220615s9999||||xx |||||||||||||| ||und|| |
| 020 ## - INTERNATIONAL STANDARD BOOK NUMBER | |
| International Standard Book Number | 9783040000000 |
| 245 #0 - TITLE STATEMENT | |
| Title | Advanced Materials for Electrochemical Energy Conversion and Storage Devices |
| 546 ## - LANGUAGE NOTE | |
| Language note | English[eng] |
| 650 ## - SUBJECT ADDED ENTRY--TOPICAL TERM | |
| Topical term or geographic name entry element | sol-gel synthesis||EDTA chelator||cathode materials||layered oxide||doping||lithium-ion batteries||alkaline electrolyser||electrocatalyst||electrodeposition||energy material||nanofilm||nickel foam||oxygen evolution reaction||PANI, LiFePO4||conducting polymers||hybrid materials||Li-doped NiO||microwave synthesis||computational simulation||electrochemical measurements||photoluminescence||MC polymer electrolyte||impedance study||ion transport||ftir analysis||TNM||LSV||CV analyses||n/a |
| 700 ## - ADDED ENTRY--PERSONAL NAME | |
| Personal name | Santos, Diogo Miguel Franco dos||Šljukić, Biljana |
| 856 ## - ELECTRONIC LOCATION AND ACCESS | |
| Uniform Resource Identifier | <a href="https://mdpi.com/books/pdfview/book/5037">https://mdpi.com/books/pdfview/book/5037</a> |
| 942 ## - ADDED ENTRY ELEMENTS (KOHA) | |
| Koha item type | E-Books |
| Withdrawn status | Lost status | Damaged status | Not for loan | Home library | Current library | Date acquired | Total Checkouts | Date last seen | Price effective from | Koha item type |
|---|---|---|---|---|---|---|---|---|---|---|
| Kerala University of Digital Sciences, Innovation and Technology Knowledge Centre | Kerala University of Digital Sciences, Innovation and Technology Knowledge Centre | 15/06/2022 | 15/06/2022 | 15/06/2022 | E-Books |